| 000 | 01374nam a2200373 i 4500 | ||
|---|---|---|---|
| 001 | 768714001 | ||
| 003 | CO-MdFUSB | ||
| 005 | 20260326152143.0 | ||
| 007 | ta | ||
| 008 | 240915t1984 sp ||||| |||| 001 0 spa d | ||
| 020 | _a84-301-0952-8 | ||
| 040 |
_bspa. _aCO-MdFUSB _cCO-MdFUSB _dCO-MdFUSBC _erda |
||
| 041 |
_aspa _hger |
||
| 082 |
_223 _a231 _bJ98 |
||
| 100 |
_aJüngel, Eberhard, _d1934-2021 _eautor |
||
| 240 | _aGott als geheimnis der welt. | ||
| 245 | 0 |
_aDios como misterio del mundo _c/ Eberhard Jüngel ; traducido por Fernando Carlos Vevia |
|
| 264 | 1 |
_aSalamanca, España : _bSígueme, _c1984 |
|
| 264 | 4 | _a©1984 | |
| 300 |
_a522 páginas _c; 21 cm |
||
| 336 |
_2rdacontent _atexto _btxt |
||
| 337 |
_2rdamedia _asin mediación _bn |
||
| 338 |
_2rdacarrier _avolumen _bnc |
||
| 490 | _aVerdad e imagen, | ||
| 500 | _aIncluye índice de nombres y de conceptos | ||
| 505 | _aEl habla de la muerte de Dios en cuanto expresión de la aporía que afecta a la reflexión moderna sobre Dios. -- ¿Se puede pensar a Dios? -- ¿Se puede decir algo de Dios? -- Sobre la hominidad de Dios. | ||
| 563 | _aRústica | ||
| 653 | _aDios — Teología cristiana | ||
| 653 | _aTeología sistemática | ||
| 653 | _aDoctrina de Dios | ||
| 700 |
_aVevia Romero, Fernando Carlos, _910685 _etraductor |
||
| 942 | _cBK | ||
| 945 | _aCatherine Arias Alvarez | ||
| 999 |
_c70937 _d70937 |
||